000 00668nam a22002297a 4500
003 UA-OsUOA
001 42632
007 ta
008 20061113b un ||||| |||| 00| 0 ukr d
100 _aТургенев И. С.
090 _a821. 161. 1
_bТ 87
942 _cBK
040 _aUA-OsUOA
_brus
_cUA-OsUOA
_dUA-OsUOA
245 _aЗаписки охотника. Повести и рассказы
300 _a607 с.
955 _a3
041 _arus
080 _a821. 161. 1
260 _aМ.
_b"Художественная литература"
_c1979
650 7 _a82 Література. Літературознавство
_2UDC
999 _c328771
_d328771